00418nam a2200181Ia 4500008004100000020001800041050001400059100001900073245002400092245001900116260001500135260001600150260000900166300001600175300002700191300001000218500000800228170918s9999 xx 000 0 und d a9780439294843 bK845 2000 aKorman, Gordon aNo more dead dogs / cGordon Korman. aNew York : bScholastic, c2000 a180 pages : bcolored illustration ; c19cm. a610